[Event "BCF-chT2 0708 (4NCL)"]
[Site "Sunningdale"]
[Date "2008.05.03"]
[Round "9.3"]
[White "Sharp, John R"]
[Black "Lock, Gavin R"]
[Result "0-1"]
[WhiteElo "2155"]
[BlackElo "2228"]
[PlyCount "34"]
[EventDate "2007.09.15"]
[EventType "team-tourn"]
[EventRounds "11"]
[EventCountry "ENG"]
[SourceTitle "EXT 2023"]
[Source "ChessBase"]
[SourceDate "2022.10.05"]
[SourceVersion "1"]
[SourceVersionDate "2022.10.05"]
[SourceQuality "1"]
[WhiteTeam "Cheddleton"]
[BlackTeam "Wessex"]
[WhiteTeamCountry "ENG"]
[BlackTeamCountry "ENG"]

1. e4 e6 2. d4 d5 3. Nd2 Nc6 4. c3 e5 5. exd5 Qxd5 6. Ngf3 exd4 7. Bc4 Qh5 8. 0-0 Be6 9. Bxe6 fxe6 10. Qb3 0-0-0 11. Qxe6+ Kb8 12. cxd4 Nf6 13. Ne4 Re8 14. Nxf6 gxf6 15. Qc4 Bd6 16. d5 Rhg8 17. dxc6 Qxf3 0-1

[Event "BCF-chT2 0708 (4NCL)"]
[Site "Sunningdale"]
[Date "2008.03.02"]
[Round "8.3"]
[White "Ward, Christopher"]
[Black "Sharp, John R"]
[Result "1-0"]
[WhiteElo "2440"]
[BlackElo "2155"]
[PlyCount "43"]
[EventDate "2007.09.15"]
[EventType "team-tourn"]
[EventRounds "11"]
[EventCountry "ENG"]
[SourceTitle "EXT 2023"]
[Source "ChessBase"]
[SourceDate "2022.10.05"]
[SourceVersion "1"]
[SourceVersionDate "2022.10.05"]
[SourceQuality "1"]
[WhiteTeam "Pride and Prejudice"]
[BlackTeam "Cheddleton"]
[WhiteTeamCountry "ENG"]
[BlackTeamCountry "ENG"]

1. d4 e6 2. Nf3 f5 3. h3 Nf6 4. g4 Ne4 5. Rg1 Be7 6. gxf5 Bh4 7. Be3 exf5 8. Nbd2 d5 9. Nxe4 dxe4 10. Nxh4 Qxh4 11. Bg5 Qh5 12. e3 Qf7 13. d5 Nd7 14. Qd4 Nb6 15. 0-0-0 Bd7 16. Qe5+ Kf8 17. Qxc7 Rc8 18. Qd6+ Kg8 19. Bf6 g6 20. h4 Ba4 21. b3 Nd7 22. Bb2 1-0

[Event "BCF-chT4 0304 (4NCL)"]
[Site "West Bromwich "]
[Date "2004.05.29"]
[Round "7.4"]
[White "Pym, Thomas TW"]
[Black "Sharp, John R"]
[Result "1/2-1/2"]
[WhiteElo "2050"]
[BlackElo "2032"]
[PlyCount "103"]
[EventDate "2003.10.??"]
[EventType "team"]
[EventRounds "11"]
[EventCountry "ENG"]
[SourceTitle "EXT 2005"]
[Source "ChessBase"]
[SourceDate "2004.11.15"]
[SourceVersion "1"]
[SourceVersionDate "2004.11.15"]
[SourceQuality "1"]
[WhiteTeam "Hilsmark Kingfisher II"]
[BlackTeam "Cheddleton"]
[WhiteTeamCountry "ENG"]
[BlackTeamCountry "ENG"]

1. e4 e6 2. d4 d5 3. Nd2 c5 4. exd5 exd5 5. Ngf3 Nc6 6. Bb5 Bd6 7. dxc5 Bxc5 8. Nb3 Bd6 9. 0-0 Nge7 10. Bg5 0-0 11. Re1 Bg4 12. Bh4 Re8 13. Bg3 Bxg3 14. hxg3 Qb6 15. Bd3 h6 16. c3 Rad8 17. Qc2 Rc8 18. Qb1 Bxf3 19. gxf3 d4 20. cxd4 Nxd4 21. Nxd4 Qxd4 22. Re4 Qd5 23. Qf1 Ng6 24. Bc4 Qf5 25. Rc1 Qxf3 26. Bd5 Qf6 27. Bxb7 Rb8 28. Rxe8+ Rxe8 29. b3 Ne5 30. Qa6 Nf3+ 31. Kg2 Qg5 32. Bxf3 Qxc1 33. Qxa7 Qg5 34. a4 h5 35. Qd4 Rb8 36. b4 h4 37. g4 Rd8 38. Qe3 Qg6 39. b5 f5 40. Qe7 h3+ 41. Kxh3 Rd4 42. g5 Rxa4 43. Qd8+ Kh7 44. b6 Rb4 45. b7 Qb6 46. Qc8 Kg6 47. Qd7 Rb2 48. Bd5 Qxf2 49. Qf7+ Kxg5 50. Qxg7+ Kf4 51. Qc7+ Kg5 52. Qg7+ 1/2-1/2